Normativa general de instalaciones públicas y domiciliarias

Guardat en:
Dades bibliogràfiques
Autors principals: Brieva Alvarado, Amador (Autor), Bastías Romo, Lionel (Autor)
Format: Llibre
Idioma:espanyol
Publicat: Santiago Jurídica de Chile 1978
Col·lecció:Colección Textos Legales, 47
Matèries:
Etiquetes: Afegir etiqueta
Sense etiquetes, Sigues el primer a etiquetar aquest registre!

MARC

LEADER 00000nam a2200000 a 4500
001 UCY0718
003 CL-VaPUC
008 940811e19780000CL |||||||||||||||||spa|d
082 0 4 |a 343.83091  |b BRI  |2 21 
100 0 |a Brieva Alvarado, Amador  |e author  |9 328526 
700 0 |a Bastías Romo, Lionel  |e author  |9 328527 
245 1 0 |a Normativa general de instalaciones públicas y domiciliarias 
300 |a 634 p 
942 |c BK 
945 |d 19940811 00:00:00  |a aalvarez 
260 |a Santiago  |b Jurídica de Chile  |c 1978 
500 |a Contiene reglamentos para instalaciones de agua potable, alcantarillado, electricidad, gas, pavimentos. 
650 0 |a Servicios públicos  |9 328528 
650 0 |a Derecho y legislación   |9 255077 
650 0 |a Planificación urbana   |9 258176 
651 7 |a CHILE  |2 CL-VaPUC  |9 328529 
583 |a last modification  |c 20160929 09:04:18  |k Rodrigo Vera 
490 0 |a Colección Textos Legales, 47 
999 |c 229650  |d 229648 
952 |0 0  |1 0  |4 0  |6 343_830910000000000_BRI_1978  |7 0  |8 A  |9 231063  |a BIBDER  |b BIBDER  |d 2019-11-15  |i 2951142  |o 343.83091 BRI 1978  |p 2951142  |r 2023-01-25  |w 2019-11-15  |y BK  |k DER